| 000 | 00500 a2200157 4500 | ||
|---|---|---|---|
| 020 | _a8185589356 | ||
| 020 | _a9788185589350 | ||
| 082 | _a620.106 | ||
| 090 |
_c626 _d626 |
||
| 100 | 1 | _aSubrahmaniyam, Dr. S. | |
| 245 | 1 | 0 |
_aFluid mechanics. / _cDr. S. Subrahmaniyam. |
| 260 |
_a[S.l.] : _bCapital, _c2003 |
||
| 300 | _a1 v. (unpaged) | ||
| 942 |
_aSNS _cBK _k620.106 SUB |
||
| 999 |
_c29256 _d29256 |
||